[Event "Grozny Kadyrov Memorial rapid"]
[Site "Grozny"]
[Date "2019.06.10"]
[Round "11"]
[White "Dezhurko, Arkadi"]
[Black "Bigaliev, Renat Damirovich"]
[Result "0-1"]
[WhiteElo "2159"]
[BlackElo "2427"]
[PlyCount "76"]
[EventDate "2019.06.09"]
[EventType "swiss (rapid)"]
[EventRounds "11"]
[EventCountry "RUS"]
[SourceTitle "CBM 190 Extra"]
[Source "ChessBase"]
[SourceDate "2019.07.15"]
[SourceVersion "1"]
[SourceVersionDate "2019.07.15"]
[SourceQuality "1"]

1. e4 c6 2. d4 d5 3. Nd2 dxe4 4. Nxe4 Nd7 5. Nf3 Ngf6 6. Ng3 e6 7. c4 Bb4+ 8. Bd2 Bxd2+ 9. Qxd2 b6 10. Be2 Bb7 11. 0-0 0-0 12. b4 c5 13. dxc5 bxc5 14. b5 Qc7 15. Qc3 e5 16. Rfd1 e4 17. Nd2 Rae8 18. Ndf1 Re5 19. Ne3 g6 20. Rd2 h5 21. h4 Rfe8 22. Rad1 R5e6 23. Nd5 Bxd5 24. cxd5 Rd6 25. Nf1 e3 26. Nxe3 Ne4 27. Qb3 Nxd2 28. Rxd2 Rf6 29. d6 Rxd6 30. Nd5 Qd8 31. Qd1 Ree6 32. Nf4 Rxd2 33. Qxd2 Re8 34. Bc4 Ne5 35. Bd5 Qxh4 36. Qe3 Nf3+ 37. gxf3 Rxe3 38. fxe3 Kf8 0-1

[Event "Moscow op-A"]
[Site "Moscow"]
[Date "2016.02.03"]
[Round "5"]
[White "Bigaliev, Renat Damirovich"]
[Black "Frolyanov, Dmitry"]
[Result "1/2-1/2"]
[WhiteElo "2422"]
[BlackElo "2563"]
[PlyCount "38"]
[EventDate "2016.01.30"]
[EventType "swiss"]
[EventRounds "9"]
[EventCountry "RUS"]
[SourceTitle "CBM 170 Extra"]
[Source "ChessBase"]
[SourceDate "2016.02.25"]
[SourceVersion "1"]
[SourceVersionDate "2016.02.25"]
[SourceQuality "1"]

1. d4 d5 2. c4 e6 3. Nf3 Nf6 4. g3 dxc4 5. Bg2 Nc6 6. Qa4 Bb4+ 7. Bd2 Nd5 8. Bxb4 Ndxb4 9. 0-0 Rb8 10. Nc3 a6 11. Ne5 0-0 12. Nxc6 Nxc6 13. Bxc6 bxc6 14. Qxc4 Rxb2 15. Rab1 Rb6 16. Na4 Rb5 17. Nc3 Rb6 18. Na4 Rb5 19. Nc3 Rb6 1/2-1/2

[Event "Moscow op-A"]
[Site "Moscow"]
[Date "2016.02.02"]
[Round "4"]
[White "Mustaps, Matiss"]
[Black "Bigaliev, Renat Damirovich"]
[Result "0-1"]
[WhiteElo "2308"]
[BlackElo "2422"]
[PlyCount "130"]
[EventDate "2016.01.30"]
[EventType "swiss"]
[EventRounds "9"]
[EventCountry "RUS"]
[SourceTitle "CBM 170 Extra"]
[Source "ChessBase"]
[SourceDate "2016.02.25"]
[SourceVersion "1"]
[SourceVersionDate "2016.02.25"]
[SourceQuality "1"]

1. e4 c6 2. d4 d5 3. Nd2 dxe4 4. Nxe4 Nd7 5. Bc4 Ngf6 6. Ng5 e6 7. Qe2 Nb6 8. Bd3 h6 9. N5f3 c5 10. c3 Qc7 11. Ne5 cxd4 12. Ngf3 dxc3 13. 0-0 Bd6 14. bxc3 Nbd7 15. Nc4 Bc5 16. Nd4 0-0 17. Qf3 Nd5 18. Re1 N7f6 19. Nb5 Qd8 20. Ne5 Bd7 21. Nd4 Nxc3 22. Bxh6 gxh6 23. Qg3+ Kh8 24. Qf4 Ng8 25. Nxf7+ Rxf7 26. Qxf7 Qe7 27. Qxe7 Bxe7 28. Nxe6 Bf6 29. Rac1 Rc8 30. Nf4 b5 31. a3 a5 32. Kf1 b4 33. axb4 axb4 34. Ra1 Na4 35. Ng6+ Kg7 36. Ne5 Be8 37. Rab1 Rb8 38. Rbc1 Nc3 39. Ra1 Ba4 40. Nd7 Bxd7 41. Ra7 Rd8 42. Bf5 b3 43. Bxd7 b2 44. Bf5+ Ne7 45. Rb7 Rd2 46. g4 Kf8 47. Rb8+ Kf7 48. Rb7 Bh4 49. Re3 Rxf2+ 50. Kg1 Ne2+ 51. Kh1 Nd4 52. Bd3 Bf6 53. Rg3 Ne2 54. Rg1 Nc3 55. Rg3 Bg5 56. Kg1 Rd2 57. Be4 Ke6 58. Rb3 Ned5 59. Bh7 Ke5 60. h4 Bf4 61. Rf3 Rd1+ 62. Kf2 Ne4+ 63. Ke2 Rd2+ 64. Ke1 Rh2 65. Rh3 Bd2+ 0-1

[Event "Moscow op-A"]
[Site "Moscow"]
[Date "2016.01.30"]
[Round "1"]
[White "Bigaliev, Renat Damirovich"]
[Black "Selivanov, Ivan"]
[Result "0-1"]
[WhiteElo "2422"]
[BlackElo "2210"]
[PlyCount "64"]
[EventDate "2016.01.30"]
[EventType "swiss"]
[EventRounds "9"]
[EventCountry "RUS"]
[SourceTitle "CBM 170 Extra"]
[Source "ChessBase"]
[SourceDate "2016.02.25"]
[SourceVersion "1"]
[SourceVersionDate "2016.02.25"]
[SourceQuality "1"]

1. d4 Nf6 2. Nf3 c5 3. c3 e6 4. Bf4 d5 5. e3 Nc6 6. Nbd2 Bd6 7. Bg3 0-0 8. Bd3 Re8 9. Ne5 Bxe5 10. dxe5 Nd7 11. f4 c4 12. Bc2 Qb6 13. 0-0 Qxb2 14. e4 Qxc3 15. exd5 exd5 16. Rf3 Qa5 17. Bh4 Nf8 18. Rg3 Qc5+ 19. Kh1 Nd4 20. Rxg7+ Kxg7 21. Bf6+ Kg8 22. Qh5 Ng6 23. Rf1 Nxc2 24. Nf3 Qf8 25. Ng5 h6 26. Rf3 Nd4 27. Rg3 Bf5 28. Nf3 Ne2 29. Qxf5 Nxg3+ 30. hxg3 Re6 31. Nd4 Rxf6 32. exf6 Qd6 0-1

[Event "Istanbul op 9th"]
[Site "Istanbul"]
[Date "2010.08.27"]
[Round "8"]
[White "Bigaliev, Renat Damirovich"]
[Black "Karpatchev, Aleksandr"]
[Result "1/2-1/2"]
[WhiteElo "2412"]
[BlackElo "2476"]
[PlyCount "117"]
[EventDate "2010.08.21"]
[EventType "swiss"]
[EventRounds "9"]
[EventCountry "TUR"]
[SourceTitle "CBM 138 Extra"]
[Source "ChessBase"]
[SourceDate "2010.10.29"]
[SourceVersion "1"]
[SourceVersionDate "2010.10.29"]
[SourceQuality "1"]

1. d4 d5 2. c4 dxc4 3. e4 Nc6 4. Nf3 Bg4 5. Be3 Nf6 6. Nc3 e6 7. Bxc4 Bb4 8. Qc2 0-0 9. Rd1 Bxf3 10. gxf3 Nh5 11. e5 Ne7 12. Bg5 Qd7 13. Qe4 Nd5 14. Qg4 f6 15. Bxd5 Qxd5 16. Bh6 Kh8 17. Qxh5 gxh6 18. Rg1 f5 19. Qxh6 Rf7 20. Qh5 Raf8 21. Kf1 Bxc3 22. bxc3 Qxa2 23. f4 Qd5 24. Rd3 Qb5 25. Rgg3 c6 26. Kg1 a5 27. Qh6 Qc4 28. d5 cxd5 29. Qxe6 Qc6 30. Qxd5 Qxd5 31. Rxd5 b6 32. c4 Rc7 33. Rb3 Rc6 34. Rd6 Rxc4 35. Rbxb6 Rxf4 36. Rb7 Re8 37. h3 Rh4 38. Kh2 f4 39. Rf6 Rh5 40. e6 Re5 41. Rh6 R8xe6 42. Rhxh7+ Kg8 43. Rbg7+ Kf8 44. Ra7 Kg8 45. Rhg7+ Kh8 46. Rgf7 Kg8 47. Rxf4 Re7 48. Ra6 R7e6 49. Ra8+ Re8 50. Ra7 R8e7 51. Rxe7 Rxe7 52. Ra4 Re5 53. f4 Rb5 54. Kg3 Kf7 55. Kg4 Kg6 56. h4 Rc5 57. Rd4 Rc6 58. Ra4 Rc5 59. Rd4 1/2-1/2

[Event "Istanbul op 9th"]
[Site "Istanbul"]
[Date "2010.08.26"]
[Round "7"]
[White "Sumets, Andrey"]
[Black "Bigaliev, Renat Damirovich"]
[Result "1/2-1/2"]
[WhiteElo "2618"]
[BlackElo "2412"]
[PlyCount "37"]
[EventDate "2010.08.21"]
[EventType "swiss"]
[EventRounds "9"]
[EventCountry "TUR"]
[SourceTitle "CBM 138 Extra"]
[Source "ChessBase"]
[SourceDate "2010.10.29"]
[SourceVersion "1"]
[SourceVersionDate "2010.10.29"]
[SourceQuality "1"]

1. d4 d5 2. c4 c6 3. Nf3 Nf6 4. e3 Bf5 5. cxd5 cxd5 6. Qb3 Qb6 7. Qxb6 axb6 8. Nc3 Nc6 9. Bb5 Bd7 10. Ne5 e6 11. Nxd7 Kxd7 12. Bd2 Bb4 13. Ke2 Bxc3 14. Bxc3 Ne4 15. Rhc1 Nd6 16. Bd3 b5 17. a3 Ra7 18. Rab1 Rha8 19. f3 1/2-1/2

[Event "RUS-ch U20"]
[Site "Kolontaevo"]
[Date "1997.??.??"]
[Round "?"]
[White "Bigaliev, Renat Damirovich"]
[Black "Kobalia, Mihail"]
[Result "1/2-1/2"]
[WhiteElo "2480"]
[BlackElo "2545"]
[PlyCount "50"]
[EventDate "1997.??.??"]
[EventType "tourn"]
[EventRounds "11"]
[EventCountry "RUS"]
[SourceTitle "EXT 1999"]
[Source "ChessBase"]
[SourceDate "1998.11.16"]
[SourceVersion "1"]
[SourceVersionDate "1998.11.16"]
[SourceQuality "1"]

1. e4 c5 2. Nc3 e6 3. Nge2 Nc6 4. d4 cxd4 5. Nxd4 Qc7 6. g3 a6 7. Bg2 d6 8. 0-0 Bd7 9. Re1 Be7 10. Nxc6 Bxc6 11. Bf4 Nf6 12. e5 dxe5 13. Bxe5 Qc8 14. Ne4 Nxe4 15. Bxe4 Bxe4 16. Rxe4 0-0 17. Qe2 b5 18. Rd1 Rd8 19. Red4 Rxd4 20. Rxd4 Qe8 21. Qd2 Rd8 22. Bd6 Bf6 23. Be5 Be7 24. Bd6 Bf6 25. Be5 Be7 1/2-1/2

[Event "RUS-ch U20"]
[Site "Kolontaevo"]
[Date "1997.??.??"]
[Round "?"]
[White "Bigaliev, Renat Damirovich"]
[Black "Prokopchuk, Evgeny"]
[Result "0-1"]
[WhiteElo "2480"]
[BlackElo "2440"]
[PlyCount "90"]
[EventDate "1997.??.??"]
[EventType "tourn"]
[EventRounds "11"]
[EventCountry "RUS"]
[SourceTitle "EXT 1999"]
[Source "ChessBase"]
[SourceDate "1998.11.16"]
[SourceVersion "1"]
[SourceVersionDate "1998.11.16"]
[SourceQuality "1"]

1. e4 c5 2. Nc3 e6 3. Nge2 a6 4. g3 b5 5. Bg2 Bb7 6. 0-0 b4 7. Na4 Nf6 8. e5 Bxg2 9. Kxg2 Nd5 10. c4 Nb6 11. Nxb6 Qxb6 12. b3 Qb7+ 13. Kg1 h5 14. d4 Nc6 15. Bb2 cxd4 16. Nxd4 Nxe5 17. Re1 f6 18. f4 Nf7 19. f5 e5 20. Nf3 0-0-0 21. Qd5 Qxd5 22. cxd5 Bc5+ 23. Kg2 Kb7 24. Nd2 Nh6 25. Ne4 Rc8 26. Rf1 Ng4 27. Rac1 Ne3+ 28. Kf2 Nxf1+ 29. Nxc5+ Rxc5 30. Rxc5 Nxh2 31. a3 Ng4+ 32. Kf3 bxa3 33. Bxa3 Nh6 34. Ke4 Nf7 35. Rc4 Rc8 36. Kd3 Rxc4 37. bxc4 d6 38. c5 dxc5 39. Bxc5 Kc7 40. Bf8 Kd7 41. Kc3 Ke8 42. Bxg7 Ke7 43. Kb4 Nd6 44. Kc5 Nxf5 45. Bh8 e4 0-1

[Event "RUS-ch U20"]
[Site "Kolontaevo"]
[Date "1997.??.??"]
[Round "?"]
[White "Bigaliev, Renat Damirovich"]
[Black "Zakharov, Alexander S"]
[Result "1/2-1/2"]
[WhiteElo "2480"]
[BlackElo "2330"]
[PlyCount "94"]
[EventDate "1997.??.??"]
[EventType "tourn"]
[EventRounds "11"]
[EventCountry "RUS"]
[SourceTitle "EXT 1999"]
[Source "ChessBase"]
[SourceDate "1998.11.16"]
[SourceVersion "1"]
[SourceVersionDate "1998.11.16"]
[SourceQuality "1"]

1. e4 e6 2. d4 d5 3. Nc3 Bb4 4. e5 Ne7 5. Bd2 c5 6. dxc5 Bxc5 7. Na4 Qc7 8. Nxc5 Qxc5 9. Bd3 Nbc6 10. Nf3 d4 11. Qe2 Ng6 12. b4 Nxb4 13. 0-0 Nc6 14. Rfe1 0-0 15. Rab1 a6 16. Ng5 Qe7 17. Qh5 h6 18. Nf3 Kh7 19. h4 Qc7 20. Qg4 Kh8 21. h5 Ngxe5 22. Nxe5 Nxe5 23. Qg3 f6 24. Bf4 Qf7 25. Bxe5 fxe5 26. Rxe5 b5 27. f4 Bb7 28. Rf1 Qg8 29. Rfe1 Bd5 30. Be4 Bxe4 31. R1xe4 Rf6 32. Rxd4 Qf7 33. Qe3 Rc8 34. Qe4 Rf8 35. g3 Rf5 36. Rxe6 Qxh5 37. Rxa6 Qg4 38. Kf2 Rh5 39. Qg2 Rc5 40. Rc6 Qf5 41. Rxc5 Qxc5 42. Qe4 Rc8 43. Kf3 Qa3+ 44. Qd3 Qxa2 45. Rd8+ Rxd8 46. Qxd8+ Kh7 47. Qd3+ Kh8 1/2-1/2

[Event "RUS-chJM op"]
[Site "Kolontaevo"]
[Date "1997.??.??"]
[Round "?"]
[White "Erenburg, Sergey"]
[Black "Bigaliev, Renat Damirovich"]
[Result "1/2-1/2"]
[WhiteElo "2265"]
[BlackElo "2480"]
[PlyCount "63"]
[EventDate "1997.??.??"]
[EventType "swiss"]
[EventRounds "9"]
[EventCountry "RUS"]
[SourceTitle "EXT 2000"]
[Source "ChessBase"]
[SourceDate "1999.11.16"]
[SourceVersion "1"]
[SourceVersionDate "1999.11.16"]
[SourceQuality "1"]

1. e4 c5 2. c3 d5 3. exd5 Qxd5 4. d4 g6 5. Nf3 Bg7 6. dxc5 Qxc5 7. Be3 Qc7 8. h3 Nf6 9. Na3 a6 10. g3 0-0 11. Bg2 Rd8 12. Qe2 Nd5 13. Bd2 b5 14. Nc2 Nc6 15. 0-0 Bf5 16. Rac1 e5 17. Rfd1 Nb6 18. Nb4 Nxb4 19. cxb4 Qe7 20. Be3 Rxd1+ 21. Rxd1 Rb8 22. Bc5 Qe8 23. Rd6 Na4 24. Rxa6 e4 25. Ng5 Nxc5 26. bxc5 Qc8 27. Ra3 Qxc5 28. Nxe4 Qc1+ 29. Kh2 Qxb2 30. Qxb2 Bxb2 31. Rb3 Bd4 32. Nd6 1/2-1/2

[Event "RUS-Cup6"]
[Site "Krasnodar"]
[Date "1997.??.??"]
[Round "2"]
[White "Ivlev, Valentin"]
[Black "Bigaliev, Renat Damirovich"]
[Result "1/2-1/2"]
[WhiteElo "2310"]
[BlackElo "2480"]
[PlyCount "94"]
[EventDate "1997.03.11"]
[EventType "swiss"]
[EventRounds "9"]
[EventCountry "RUS"]
[SourceTitle "EXT 2000"]
[Source "ChessBase"]
[SourceDate "1999.11.16"]
[SourceVersion "1"]
[SourceVersionDate "1999.11.16"]
[SourceQuality "1"]

1. d4 d5 2. c4 Nc6 3. g3 dxc4 4. d5 Ne5 5. Qd4 Ng6 6. e4 b5 7. b3 e5 8. Qe3 f5 9. bxc4 Nf6 10. Nd2 fxe4 11. Rb1 bxc4 12. Bxc4 Bd6 13. h3 0-0 14. Ne2 Ne7 15. g4 Nfxd5 16. Qb3 c6 17. Nxe4 Rb8 18. Qd3 Rxb1 19. Qxb1 Kh8 20. 0-0 Be6 21. Qb7 a5 22. Rd1 h6 23. N2g3 Qc7 24. Qxc7 Bxc7 25. Ba3 Re8 26. Nc5 Bg8 27. Bb3 Ng6 28. Nge4 Ngf4 29. Kh2 Bb6 30. Nd7 Bd4 31. Ba4 Bh7 32. Nd6 Re6 33. Nf7+ Kg8 34. Nd8 Re8 35. Nxc6 Nc3 36. Bb3+ Kh8 37. Ndxe5 Bxe5 38. Nxe5 Bg8 39. Re1 Bxb3 40. axb3 Kg8 41. Bb2 Ncd5 42. Ra1 Rb8 43. Ra3 a4 44. Rxa4 Rxb3 45. Ra8+ Kh7 46. Ba1 Rxh3+ 47. Kg1 Nc3 1/2-1/2

[Event "RUS-ch U20"]
[Site "Kolontaevo"]
[Date "1997.??.??"]
[Round "?"]
[White "Malakhov, Vladimir"]
[Black "Bigaliev, Renat Damirovich"]
[Result "1-0"]
[WhiteElo "2540"]
[BlackElo "2480"]
[PlyCount "117"]
[EventDate "1997.??.??"]
[EventType "tourn"]
[EventRounds "11"]
[EventCountry "RUS"]
[SourceTitle "EXT 1999"]
[Source "ChessBase"]
[SourceDate "1998.11.16"]
[SourceVersion "1"]
[SourceVersionDate "1998.11.16"]
[SourceQuality "1"]

1. e4 c5 2. Nf3 e6 3. c4 Nc6 4. Nc3 Nf6 5. Be2 d5 6. exd5 exd5 7. d4 Be6 8. Be3 cxd4 9. Nxd4 Nxd4 10. Bxd4 dxc4 11. 0-0 Qa5 12. Bxf6 gxf6 13. Bf3 Rd8 14. Qc2 Bg7 15. Bxb7 0-0 16. Rad1 f5 17. Bf3 h6 18. Rxd8 Rxd8 19. Rd1 Rxd1+ 20. Bxd1 Bd4 21. Qd2 Qe5 22. Bf3 Kg7 23. g3 Bb6 24. Ne2 Qa5 25. Qc3+ Qxc3 26. bxc3 Kf6 27. Kf1 Ke5 28. Ke1 Kd6 29. Bg2 a5 30. Nf4 a4 31. Bb7 Ba5 32. Kd2 Bb6 33. f3 Bg1 34. Ke2 Bb6 35. Ng2 Ba5 36. Kd2 Kc7 37. Ba8 Bb6 38. Ne3 Kd6 39. f4 Bc5 40. Bg2 Bb6 41. Bf1 Bxe3+ 42. Kxe3 Kc5 43. a3 Bd5 44. Be2 Be6 45. Bd1 Bd7 46. Bc2 Kd5 47. Kf2 Ke6 48. Kg2 Kf6 49. Kh3 Kg7 50. Kh4 Kg6 51. g4 Kf6 52. gxf5 Bxf5 53. Bxa4 Be4 54. Kg3 Bd5 55. Bc2 Ke6 56. Kf2 Kd6 57. Bd1 Kc5 58. Kg3 f5 59. Bc2 1-0

[Event "RUS-chJM op"]
[Site "Kolontaevo"]
[Date "1997.??.??"]
[Round "?"]
[White "Motylev, Alexander"]
[Black "Bigaliev, Renat Damirovich"]
[Result "1-0"]
[WhiteElo "2455"]
[BlackElo "2480"]
[PlyCount "127"]
[EventDate "1997.??.??"]
[EventType "swiss"]
[EventRounds "9"]
[EventCountry "RUS"]
[SourceTitle "EXT 2000"]
[Source "ChessBase"]
[SourceDate "1999.11.16"]
[SourceVersion "1"]
[SourceVersionDate "1999.11.16"]
[SourceQuality "1"]

1. e4 c5 2. c3 d5 3. exd5 Qxd5 4. d4 Nf6 5. Nf3 e6 6. Be3 cxd4 7. cxd4 Nc6 8. a3 Be7 9. Nc3 Qd6 10. Bc4 0-0 11. 0-0 b6 12. d5 Na5 13. Ba2 exd5 14. Nxd5 Nxd5 15. Qxd5 Qxd5 16. Bxd5 Bb7 17. Bxb7 Nxb7 18. Rac1 Nd6 19. Nd4 Bf6 20. a4 Bxd4 21. Bxd4 Nf5 22. Bc3 Rfd8 23. Rfd1 Ne7 24. Kf1 Nd5 25. Be5 f6 26. Bg3 Rd7 27. Rd4 Rad8 28. Rdc4 Kf7 29. Rc8 Ke6 30. Ke2 Kf5 31. Rxd8 Rxd8 32. Rc4 g5 33. f3 h5 34. h4 Rd7 35. Bh2 Re7+ 36. Kd3 g4 37. Rd4 Rd7 38. fxg4+ hxg4 39. Kd2 a6 40. Bg3 b5 41. axb5 axb5 42. Bf2 Rd6 43. g3 Rd8 44. Be3 Rd7 45. Ke2 Rd8 46. h5 Ke6 47. Rxg4 Rh8 48. Rh4 Nxe3 49. Kxe3 Kf5 50. Rf4+ Kg5 51. g4 Re8+ 52. Re4 Rc8 53. Kd4 Rc2 54. b4 f5 55. gxf5 Kxh5 56. f6 Kg6 57. Ke5 Kf7 58. Rd4 Re2+ 59. Kd5 Kxf6 60. Kc6 Ke6 61. Rd6+ Ke5 62. Rd5+ Ke6 63. Rd1 Rg2 64. Kxb5 1-0

[Event "Budapest Spring op 12th"]
[Site "Budapest"]
[Date "1996.??.??"]
[Round "3"]
[White "Amrein, Roland"]
[Black "Bigaliev, Renat Damirovich"]
[Result "0-1"]
[WhiteElo "2215"]
[BlackElo "2390"]
[PlyCount "70"]
[EventDate "1996.03.??"]
[EventType "swiss"]
[EventRounds "9"]
[EventCountry "HUN"]
[SourceTitle "CBM 052 Extra"]
[Source "ChessBase"]
[SourceDate "1996.07.01"]
[SourceVersion "1"]
[SourceVersionDate "1996.07.01"]
[SourceQuality "1"]

1. e4 c5 2. Nf3 d6 3. d4 cxd4 4. Nxd4 Nf6 5. Nc3 a6 6. Bg5 e6 7. f4 Bd7 8. e5 dxe5 9. fxe5 Qa5 10. Bb5 Ne4 11. Nb3 Nxc3 12. Qxd7+ Nxd7 13. Bxd7+ Kxd7 14. Nxa5 Bb4 15. Nc4 Nd5+ 16. c3 Be7 17. Bxe7 Kxe7 18. 0-0 b5 19. Nd6 f6 20. Rae1 Rhf8 21. Ne4 f5 22. Nd6 Ra7 23. Rf3 Rc7 24. Rd1 Nb6 25. Rd4 g6 26. Rh4 h5 27. b4 Nd7 28. Re3 f4 29. Re4 Rxc3 30. Nb7 Rc4 31. Nd6 Rxe4 32. Nxe4 Nxe5 33. Nc5 f3 34. h3 f2+ 35. Kf1 Nc4 0-1

[Event "Kobanya op"]
[Site "Kobanya"]
[Date "1996.??.??"]
[Round "6"]
[White "Bigaliev, Renat Damirovich"]
[Black "De Santis, Alessio"]
[Result "1/2-1/2"]
[WhiteElo "2430"]
[BlackElo "2320"]
[PlyCount "112"]
[EventDate "1996.??.??"]
[EventType "swiss"]
[EventRounds "9"]
[EventCountry "HUN"]
[SourceTitle "EXT 2004"]
[Source "ChessBase"]
[SourceDate "2003.11.25"]
[SourceVersion "1"]
[SourceVersionDate "2003.11.25"]
[SourceQuality "1"]

1. e4 d6 2. d4 Nf6 3. Bd3 e5 4. c3 Be7 5. Nf3 Nbd7 6. 0-0 0-0 7. Re1 Re8 8. Nbd2 c6 9. Nf1 Qc7 10. b3 Nf8 11. Ng3 Ng6 12. Nf5 Bf8 13. Bg5 Nd7 14. dxe5 dxe5 15. b4 a5 16. a3 Nb6 17. Nd2 Be6 18. Qf3 f6 19. Be3 Na4 20. Rac1 b5 21. Qe2 Nb2 22. Bc2 axb4 23. axb4 Ra3 24. Nb1 Ra2 25. Qg4 Kh8 26. Nd2 Rea8 27. h4 Nc4 28. Nxc4 bxc4 29. h5 Nf4 30. Bxf4 exf4 31. Qf3 c5 32. b5 Rb8 33. Bb1 Rb2 34. Nh4 Qe5 35. Bc2 R2xb5 36. Ba4 Rb2 37. Nf5 g6 38. hxg6 hxg6 39. Qh3+ Kg8 40. Bc6 R2b6 41. Qg4 Kf7 42. Bd5 Bxd5 43. Nh4 Bxe4 44. Nxg6 Qg5 45. Qxg5 fxg5 46. Ne5+ Kf6 47. Rxe4 Kf5 48. Ree1 Re6 49. Nxc4 Rxe1+ 50. Rxe1 Rb3 51. Re8 Bg7 52. Nd6+ Kg6 53. Re6+ Kh5 54. Ne4 Bxc3 55. Nxc5 Ra3 56. Ne4 g4 1/2-1/2

[Event "Budapest FS10 IM"]
[Site "Budapest"]
[Date "1996.??.??"]
[Round "8"]
[White "Bigaliev, Renat Damirovich"]
[Black "Dudas, Jan"]
[Result "1-0"]
[WhiteElo "2430"]
[BlackElo "2395"]
[PlyCount "81"]
[EventDate "1996.10.??"]
[EventType "tourn"]
[EventRounds "13"]
[EventCountry "HUN"]
[EventCategory "3"]
[SourceTitle "EXT 1998"]
[Source "ChessBase"]
[SourceDate "1997.11.17"]
[SourceVersion "1"]
[SourceVersionDate "1997.11.17"]
[SourceQuality "1"]

1. e4 g6 2. d4 Bg7 3. Nf3 d6 4. Bd3 Bg4 5. c3 c6 6. Nbd2 Nd7 7. h3 Bxf3 8. Nxf3 e5 9. 0-0 Ngf6 10. b3 Qa5 11. b4 Qc7 12. Qb3 0-0 13. Bb2 d5 14. dxe5 Nxe4 15. e6 Ndf6 16. exf7+ Qxf7 17. c4 Nh5 18. Bxg7 Kxg7 19. cxd5 cxd5 20. Ne5 Qf4 21. Qxd5 Nxf2 22. Qd7+ Kh8 23. Bxg6 Nf6 24. Qf5 Qxf5 25. Bxf5 N2e4 26. Nd7 Rfd8 27. Nxf6 Nxf6 28. Rac1 Rd6 29. Bc8 Rb8 30. a3 a5 31. bxa5 Ra8 32. Rf5 b6 33. a6 Ra7 34. Bb7 Kg7 35. Rc7+ Kg6 36. Re5 Nd5 37. Rc8 Nf6 38. Ra8 Rxa8 39. Bxa8 Rd3 40. a4 Rd7 41. Bb7 1-0